000 00760nam a2200229 a 4500
001 BRCA_1967
005 20190320203623.0
008 spas19s1987----sp-a---###---#000-paspa-#
020 _a8420652237
050 4 _aN7560
_b.H34 1987
100 1 _aHall, James
_d1917-
_96035
245 1 0 _aDiccionario de temas y símbolos artísticos
_cJames Hall ; introducción de Kenneth Clark ; versión española de Jesús Fernández Zulaica.
260 _aMadrid
_bAlianza
_c1987
300 _a328 p.
_bil.
_c24 cm.
504 _aBibliografía : p. 21-23
650 1 4 _aSimbolismo en el arte
_vDiccionarios
_96036
650 1 4 _aArte
_xTemas, motivos
_96037
700 1 _aClark, Kenneth
_96038
700 1 _aFernández Zulaica, Jesús
_96039
902 _aREF
942 _2lcc
_cB
999 _c1736
_d1736